00912nam a2200169Ia 4500008004100000020001500041020001800056050002100074245011100095260002800206300002300234500008800257504002800345505029000373650003800663700004100701120626s2003 mx 000 0 spa d a9688606715 a9789688606711 aRC488 bD55 2004 aDinámica de la familiab: Un enfoque psicológico sistémicoc/ compiladora Luz de Lourdes Eguiluz R.  aMéxicob: Paxc, 2003 avii, 139 páginas aIncluye: Introducción (p. vii), Conclusiones (p. 137-138), Colaboradores (p. 140) aBibliografía: (p.139) aLa familia Formas y expresiones de la familia Comunicación y familia La familia y sus creencias: relaciones y significados La formación de la pareja La familia con hijos pequeños El adolescente en la familia y la escuela Los adultos mayores: un reto para la familia 0aFAMILIASxASPECTOS PSICOLÓGICOS aEguiluz, Luz de Lourdesecompiladora